000
00478nam a2200169Ia 4500
008
090711s9999 xx 000 0 und d
082
_b
71591
100
_a
अग्निहोत्री अ. शं.
245
_a
बिरबल
260
_c
1971
300
_a
24
600
_a
अग्निहोत्री अ. शं.
630
_a
बिरबल
700
_a
अग्निहोत्री अ. शं.
730
_a
बिरबल
942
_c
BOOK
999
_c
327786
_d
327786